Third Congress of the United States: At the first session, begun and held at the city of Philadelphia, in the state of Pennsylvania, on Monday, the second of December, one thousand seven hundred and ninety-three : An act making further provision for the expenses attending the intercourse of the United States with foreign nations; and further to continue in force the act, intituled "An act providing the means of intercourse between the United States and foreign nations."

Bibliographic Details
Corporate Author: United States
Format: eBook
Language:English
Series:Early American imprints. Evans (1639-1800) ; no. 27835.
Subjects:
Online Access:Evans Digital Edition

MARC

Tag First Indicator Second Indicator Subfields
LEADER 00000cam a2200000 a 4500
001 in00002149608
006 m e d #
007 cr mn mmmmabba
008 810717s1794 pau s f000 0 eng d
005 20260330214434.6
035 |z w014564 
035 |a MAAR8107172402B 
035 |9 mwa91-7427 
035 |a 346540 
035 |a aas03014564 
040 |a MWA  |c MWA  |e bdrb  |d UtOrBLW 
110 1 |a United States. 
240 1 0 |a Act making further provision for the expenses 
245 1 0 |a Third Congress of the United States: At the first session, begun and held at the city of Philadelphia, in the state of Pennsylvania, on Monday, the second of December, one thousand seven hundred and ninety-three :  |b An act making further provision for the expenses attending the intercourse of the United States with foreign nations; and further to continue in force the act, intituled "An act providing the means of intercourse between the United States and foreign nations." 
264 3 |a [Philadelphia] :  |b [Printed by Childs and Swaine],  |c [1794] 
300 |a 1 sheet (1 unnumbered page) ;  |c 34 x 21 cm. 
336 |a text  |b txt  |2 rdacontent 
337 |a computer  |b c  |2 rdamedia 
338 |a online resource  |b cr  |2 rdacarrier 
500 |a "Approved--March the twentieth, 1794." 
500 |a Two states noted. One, Evans 27835, includes statement of deposition: Deposited among the rolls in the Office of the Secretary of State. [blank] secretary of state. The other, Bristol B8955, filmed by Readex Microprint Corp. for Evans 27835, is without this statement; printed area measures 21.1 x 12.9 cm. 
500 |a Francis Childs and John Swaine were printers to the Congress in 1794. 
510 4 |a Evans  |c 27835 
510 4 |a Bristol  |c B8955 
530 |a Microform version available in the Readex Early American Imprints series. 
533 |a Electronic text and image data.  |b [Chester, Vt. :  |c Readex, a division of Newsbank, Inc.,  |d 2002-2004.  |e Includes files in TIFF, GIF and PDF formats with inclusion of keyword searchable text.  |f (Early American imprints. First series ; no. 27835). 
500 |a Electronic resource. 
651 0 |a United States  |x Appropriations and expenditures. 
651 0 |a United States  |x Commerce. 
655 7 |a Broadsides.  |2 rbgenr 
710 1 |a United States.  |t Act providing the means of intercourse between the United States and foreign nations. 
740 0 |a Act making further provision for the expenses attending the intercourse of the United States with foreign nations ... 
752 |a United States  |b Pennsylvania  |d Philadelphia. 
830 0 |a Early American imprints.  |n Series I,  |p Evans (1639-1800) ;  |v no. 27835. 
856 4 1 |u http://proxy.library.tamu.edu/login?url=https://opac.newsbank.com/select/evans/27835  |y Evans Digital Edition  |t 0 
999 |a MARS 
999 f f |s e51a9fb9-9799-3f41-91af-6ff46a75f992  |i 2ff894a3-341f-397c-935d-1cd0f7eece0a  |t 0 
952 f f |a Texas A&M University  |b College Station  |c Electronic Resources  |s www_evans  |d Available Online  |t 0  |h No information provided 
998 f f |t 0  |l Available Online